000 00674nam a2200241Ia 4500
003 GCL
008 140319s9999 xx 000 0 ara d
040 _aGCL /
_cGCL
082 0 4 _a216
_bع ح
100 1 _aعبده بدوى
245 1 0 _aحضارتنا بين العراقة والتفتح /
_cعبده بدوى
260 _a[S.N] :
_bمطبوعات جامعة الكويت ،
_c1990
300 _a148
490 _a
650 0 4 _aتاريخ
650 0 4 _aالاسلام
650 0 4 _aالحضارة
650 0 4 _aالديانات
650 0 4 _aالسنة النبوية
650 0 4 _aالحديث النبوى
650 0 4 _aالقران
942 _2ddc
_cBK
999 _c30776
_d30776